Pays sans la lettre O - Mort subite - Statistiques

Statistiques générales
  • Ce quiz a été pris 480 fois
    479 depuis la dernière actualisation
  • Le résultat moyen est 34 sur 37
Answers on the Grid
Answers color-coded by a green-red scale on the quiz's grid according to % correct below.
Brunei
Égypte
Fidji
Finlande
Grèce
Haïti
Inde
Iran
Irak
Islande
Jamaïque
Kenya
Liban
Libye
Mali
Malte
Népal
Niger
Pakistan
Qatar
Rwanda
Serbie
Suède
Syrie
Tchad
Yémen
Angola
Arabie Saoudite
Arménie
Azerbaïdjan
Biélorussie
Belgique
Bénin
Bhoutan
Bolivie
Bosnie-Herzégovine
Botswana
Brésil
Burkina Faso
Burundi
Cameroun
Canada
Cap-Vert
Centrafrique
Chili
Chypre
Colombie
Comores
Congo
Corée du Nord
Corée du Sud
 
Statistiques - réponses
Réponse % Correct
Irak
93%
Qatar
93%
Syrie
93%
Yémen
93%
Azerbaïdjan
92%
Belgique
92%
Bénin
92%
Burundi
92%
Cap-Vert
92%
Centrafrique
92%
Chili
92%
Égypte
92%
Grèce
92%
Iran
92%
Islande
92%
Kenya
92%
Liban
92%
Libye
92%
Mali
92%
Niger
92%
Tchad
92%
Arménie
91%
Brunei
91%
Canada
91%
Chypre
91%
Finlande
91%
Haïti
91%
Inde
91%
Népal
91%
Serbie
91%
Suède
91%
Brésil
90%
Fidji
90%
Jamaïque
90%
Malte
90%
Pakistan
90%
Rwanda
90%
Aucun quiz correspondant
Distribution des résultats
% des personnes avec chaque résultat
Percentile par nombre de réponses
Votre historique - résultats
Vous n’avez pas pris ce quiz depuis la dernière actualisation